| 000 | 01188pab a2200157 454500 | ||
|---|---|---|---|
| 008 | 180718b xxu||||| |||| 00| 0 eng d | ||
| 100 | _aHamilton David K. | ||
| 245 | _aThe staffing function in Illinois state government after Rutan | ||
| 362 | _a53(4), Jul-Aug 93, p.381-6 | ||
| 520 | _aHow has the staffing function in government changed since the far reaching Rutan decision in 1990? David Hamilton describes the patronage system used by the state of Illinois and analyzes the changes in the staffing function by the state in response to the court decision. He concludes that the state was more concerned with ensuring compliance than with promoting and improved staffing function. The result has been to replace a centralized partonage system with a centralized bureaucratic system. Finally, Hamilton draws lessons from Illionois' response which may be useful to governments concerned with elimination of partonage. He feels that the Rutan case can result in an improved staffing function if the pro | ||
| 650 | _a Public, Personnel -- U.S.A. | ||
| 650 | _a Civil Service -- U.S.A. | ||
| 650 | _aPersonnel, Public -- U.S.A. | ||
| 773 | _aPublic Administration Review | ||
| 909 | _a25082 | ||
| 999 |
_c25082 _d25082 |
||